000 00206 a2200097 4500
001 1611
100 _aBashforth,G.R
245 _aManufacture of iron & steel
260 _a
_bChapman
_c
090 _c1149
_d1149
942 _aNUST-CAE
_cM
_c1658
999 _c236684
_d236684